Loading...
| Ancient History and Archaeology | 2 | 10.00 | 0% | 100% | 100% |
| Beliefs | 11 | 10.91 | 182% | 73% | 55% |
| British and Commonwealth History | 3 | 13.33 | 267% | 67% | 67% |
| Current Events | 3 | 13.33 | 133% | 133% | 67% |
| Fine Arts - Auditory | 4 | 10.00 | 200% | 50% | 50% |
| Fine Arts - Visual | 5 | 12.00 | 0% | 120% | 120% |
| Geography | 3 | 6.67 | 133% | 0% | 67% |
| History - American | 8 | 12.50 | 150% | 125% | 50% |
| History - European | 6 | 8.33 | 133% | 33% | 67% |
| History - World | 5 | 12.00 | 160% | 80% | 80% |
| Literature - American | 4 | 15.00 | 100% | 150% | 100% |
| Literature - British | 4 | 12.50 | 200% | 50% | 100% |
| Literature - European | 4 | 17.50 | 200% | 50% | 200% |
| Other Academic | 2 | 10.00 | 0% | 100% | 100% |
| Other Arts: Auditory | 4 | 10.00 | 200% | 100% | 0% |
| Other Arts: Visual | 4 | 10.00 | 200% | 100% | 0% |
| Other Science: Astronomy | 1 | 10.00 | 0% | 200% | 0% |
| Other Science: Computer Science | 1 | 10.00 | 0% | 200% | 0% |
| Other Science: Earth Science | 2 | 15.00 | 200% | 200% | 0% |
| Other Science: Math | 1 | 10.00 | 0% | 200% | 0% |
| Philosophy | 5 | 10.00 | 160% | 80% | 40% |
| Science - Biology | 4 | 12.50 | 100% | 100% | 100% |
| Science - Chemistry | 4 | 12.50 | 100% | 150% | 50% |
| Science - Physics | 7 | 15.71 | 114% | 114% | 143% |
| Social Science | 5 | 8.00 | 0% | 120% | 40% |
| World and Other Literature | 1 | 10.00 | 400% | 0% | 0% |